[Event "NAYCC U14"]
[Site "Windsor CAN"]
[Date "2016.08.07"]
[Round "1.53"]
[White "Hua, Eugene"]
[Black "Hawthorn, Charles"]
[Result "1-0"]
[WhiteElo "2140"]
[BlackElo "1666"]
[PlyCount "55"]
[EventDate "2016.08.07"]
[EventType "swiss"]
[EventRounds "9"]
[EventCountry "CAN"]

1. c4 e5 2. g3 Nc6 3. Bg2 f5 4. Nc3 Nf6 5. a3 a5 6. d3 Bc5 7. Nf3 O-O 8. O-O d6
9. Nd5 Nxd5 10. cxd5 Ne7 11. d4 Bxd4 12. Nxd4 exd4 13. Qxd4 Ng6 14. h4 h6 15.
Bd2 Qe7 16. Rae1 Qe5 17. Qc4 Rf7 18. h5 Nf8 19. Bc3 Qe8 20. e4 Re7 21. exf5
Bxf5 22. Qh4 g5 23. Qd4 Re5 24. f4 c5 25. dxc6 Ne6 26. Rxe5 dxe5 27. Qxe5 bxc6
28. Qxf5 1-0

[Event "NAYCC U14"]
[Site "Windsor CAN"]
[Date "2016.08.07"]
[Round "1.54"]
[White "Li, Eric M"]
[Black "Doknjas, Joshua"]
[Result "0-1"]
[WhiteElo "1658"]
[BlackElo "2137"]
[PlyCount "136"]
[EventDate "2016.08.07"]
[EventType "swiss"]
[EventRounds "9"]
[EventCountry "CAN"]

1. d4 d5 2. Nf3 Nf6 3. Bf4 c5 4. e3 Nc6 5. c3 Qb6 6. Qb3 c4 7. Qxb6 axb6 8. h3
Bf5 9. Nbd2 h6 10. Be2 e6 11. a3 Be7 12. O-O Nd7 13. Ne5 Ncxe5 14. Bxe5 Nxe5
15. dxe5 Bg6 16. Nf3 f6 17. Rfd1 O-O 18. Rd2 Rac8 19. Bd1 Rfd8 20. Bc2 Bh5 21.
g4 Bf7 22. Kg2 Rc7 23. Rad1 Be8 24. Nd4 Bd7 25. f4 fxe5 26. fxe5 Rf8 27. Rf2
Rxf2+ 28. Kxf2 Rc8 29. e4 Rc5 30. Nf3 Bc6 31. exd5 Bxd5 32. Nd4 Bh4+ 33. Kg1
Bg3 34. Bg6 Rc8 35. Rf1 Rc7 36. Rd1 Rd7 37. Nf3 Bc6 38. Rd4 Rxd4 39. Nxd4 Bd5
40. Nc2 Bxe5 41. Ne3 Bf4 42. Kf2 Kf8 43. Ke2 Bxe3 44. Kxe3 Ke7 45. h4 Kf6 46.
Bc2 Ke5 47. Bd1 Be4 48. Be2 Bd5 49. Bd1 b5 50. Be2 Kd6 51. Kd4 Bg2 52. Bd1 e5+
53. Ke3 Kd5 54. Be2 g6 55. Bd1 e4 56. Be2 Ke5 57. Bd1 Bf3 58. Bxf3 exf3 59.
Kxf3 h5 60. g5 Kf5 61. Ke3 Kg4 62. Kd4 Kxh4 63. Kc5 Kxg5 64. Kxb5 h4 65. Kb6 h3
66. Kxb7 h2 67. a4 h1=Q+ 68. Kb6 Qa8 0-1

[Event "NAYCC U14"]
[Site "Windsor CAN"]
[Date "2016.08.07"]
[Round "1.56"]
[White "Liu, Daniel"]
[Black "Yaskolko, Maxim"]
[Result "0-1"]
[WhiteElo "1609"]
[BlackElo "2014"]
[PlyCount "168"]
[EventDate "2016.08.07"]
[EventType "swiss"]
[EventRounds "9"]
[EventCountry "CAN"]

1. e4 c5 2. Nf3 d6 3. d4 cxd4 4. Nxd4 Nf6 5. Nc3 g6 6. g3 Bg7 7. Bg2 Bg4 8. Qd2
Qb6 9. O-O O-O 10. h3 Bd7 11. Re1 Nh5 12. Nde2 Nc6 13. Nd5 Qd8 14. Rb1 Nf6 15.
Ne3 Rc8 16. c4 Ne5 17. b3 Bxh3 18. Nc3 Bxg2 19. Kxg2 Neg4 20. Bb2 Nxe3+ 21.
Qxe3 a6 22. Nd5 e6 23. Nxf6+ Bxf6 24. Qh6 Re8 25. Rh1 Bxb2 26. Qxh7+ Kf8 27.
Rxb2 Qf6 28. Qh6+ Ke7 29. Qd2 Rh8 30. Rbb1 Qe5 31. Qd3 Rcf8 32. f4 Qa5 33. Rbd1
Qxa2+ 34. Rd2 Qa3 35. Ra1 Qxa1 36. Qxd6+ Kf6 37. Rd1 Qb2+ 38. Rd2 Qa1 39. Rd1
Qa5 40. Rd5 Qc3 41. Rd3 Qc2+ 42. Kf3 Qb2 43. Rd2 Qxb3+ 44. Rd3 Qb2 45. Rd2 Qa1
46. Rd1 Rd8 47. e5+ Kg7 48. Qxd8 Rxd8 49. Rxa1 Rd3+ 50. Kf2 Rb3 51. Ra4 Kf8 52.
Ra5 Ke8 53. Ra4 Kd7 54. g4 Kc6 55. Ke2 Kc5 56. Ra1 Rc3 57. Rd1 Rxc4 58. Ke3 g5
59. f5 Rxg4 60. f6 Kc6 61. Rd8 Rh4 62. Rg8 Rh7 63. Rxg5 Kd5 64. Rg7 Rh8 65.
Rxf7 Kxe5 66. Rxb7 Kxf6 67. Ra7 Rh3+ 68. Ke4 Ra3 69. Ra8 Ra4+ 70. Ke3 Ke5 71.
Rh8 Ra3+ 72. Kd2 Kd5 73. Rd8+ Ke4 74. Rh8 e5 75. Rh4+ Kd5 76. Rh8 a5 77. Ke2 a4
78. Rh4 Ra2+ 79. Kd3 e4+ 80. Ke3 Ra3+ 81. Ke2 Kd4 82. Rh8 Ra2+ 83. Ke1 a3 84.
Ra8 Ke3 0-1

[Event "NAYCC U14"]
[Site "Windsor CAN"]
[Date "2016.08.07"]
[Round "1.58"]
[White "Uthayakumar, Ronan"]
[Black "Liang, Hairan"]
[Result "1-0"]
[WhiteElo "1541"]
[BlackElo "2002"]
[PlyCount "93"]
[EventDate "2016.08.07"]
[EventType "swiss"]
[EventRounds "9"]
[EventCountry "CAN"]

1. e4 c5 2. Nf3 Nc6 3. d4 cxd4 4. Nxd4 g6 5. Be2 Bg7 6. Nb3 Nf6 7. Nc3 d6 8.
O-O O-O 9. Re1 Be6 10. Bf1 Rc8 11. Bg5 Ne5 12. Nd5 Nxd5 13. exd5 Bd7 14. c3 h6
15. Bh4 g5 16. Bg3 Qb6 17. Qd2 f5 18. Bxe5 Bxe5 19. Rad1 Ba4 20. h4 Rf7 21.
hxg5 hxg5 22. Qxg5+ Kh8 23. Rd3 Rh7 24. Rxe5 dxe5 25. Qxf5 Rg8 26. d6 Qd8 27.
Qxe5+ Rgg7 28. Nc5 exd6 29. Rxd6 Qh4 30. f3 Bb5 31. Bxb5 Qh1+ 32. Kf2 Qxg2+ 33.
Ke3 Qg1+ 34. Kd3 Qb1+ 35. Kc4 Qf1+ 36. Kb4 Rh4+ 37. Ne4 a5+ 38. Kxa5 b6+ 39.
Ka6 Qxf3 40. Rd8+ Kh7 41. Ng5+ Rxg5 42. Rh8+ Kg6 43. Rg8+ Kf7 44. Qe8+ Kf6 45.
Rf8+ Kg7 46. Qe7+ Kh6 47. Rxf3 1-0

[Event "NAYCC U14"]
[Site "Windsor CAN"]
[Date "2016.08.07"]
[Round "1.59"]
[White "Cai, Jason"]
[Black "Le, Collin"]
[Result "1-0"]
[WhiteElo "1997"]
[BlackElo "1540"]
[PlyCount "57"]
[EventDate "2016.08.07"]
[EventType "swiss"]
[EventRounds "9"]
[EventCountry "CAN"]

1. e4 c5 2. Nc3 d6 3. f4 Nc6 4. Nf3 g6 5. Bb5 Bg7 6. O-O e6 7. Bxc6+ bxc6 8. e5
d5 9. b3 Ne7 10. d3 Nf5 11. Qe1 Nd4 12. Nxd4 cxd4 13. Na4 Qe7 14. Bb2 c5 15.
Ba3 Bd7 16. Bxc5 Qd8 17. Qb4 Bxa4 18. Qxa4+ Qd7 19. Qxd4 Rc8 20. c4 dxc4 21.
dxc4 Qc6 22. Bd6 Rd8 23. Qxa7 Rd7 24. Qb8+ Rd8 25. Qb4 Qe4 26. Rad1 Qe3+ 27.
Kh1 h5 28. Qb5+ Rd7 29. Bc5 1-0

[Event "NAYCC U14"]
[Site "Windsor CAN"]
[Date "2016.08.07"]
[Round "1.60"]
[White "Singireddy, Sathvik"]
[Black "Baker, Vincent"]
[Result "1-0"]
[WhiteElo "1530"]
[BlackElo "1994"]
[PlyCount "71"]
[EventDate "2016.08.07"]
[EventType "swiss"]
[EventRounds "9"]
[EventCountry "CAN"]

1. e4 c5 2. Nf3 Nc6 3. Bb5 g6 4. O-O Bg7 5. Re1 Nf6 6. c3 O-O 7. d4 cxd4 8.
cxd4 d5 9. Bxc6 bxc6 10. e5 Ne4 11. Nbd2 Nxd2 12. Bxd2 Qb6 13. Bc3 a5 14. Nd2
a4 15. b3 c5 16. dxc5 Qxc5 17. Rc1 Bd7 18. b4 Qb6 19. Nf3 e6 20. a3 Bb5 21. Bd4
Qb7 22. Bc5 Rfd8 23. Nd4 Bc4 24. Qf3 Rac8 25. Rxc4 Bxe5 26. Rcc1 Rxc5 27. Rxc5
Bxd4 28. Rc2 e5 29. Rec1 e4 30. Qf4 Bb6 31. Rc7 Bxc7 32. Rxc7 Rd7 33. Rxb7 Rxb7
34. Qe5 Kf8 35. Qxd5 Rc7 36. Qd8+ 1-0

[Event "NAYCC U14"]
[Site "Windsor CAN"]
[Date "2016.08.07"]
[Round "1.61"]
[White "Chin, Jonathan"]
[Black "Atanasov, David"]
[Result "1-0"]
[WhiteElo "1985"]
[BlackElo "1518"]
[PlyCount "53"]
[EventDate "2016.08.07"]
[EventType "swiss"]
[EventRounds "9"]
[EventCountry "CAN"]

1. e4 c5 2. Nf3 d6 3. d4 cxd4 4. Nxd4 Nf6 5. Nc3 a6 6. Be2 e6 7. O-O Be7 8. Kh1
b5 9. Bf3 d5 10. exd5 exd5 11. Bg5 Ra7 12. Bxf6 gxf6 13. Bxd5 h5 14. Nc6 Nxc6
15. Bxc6+ Bd7 16. Qf3 Qc7 17. Bxd7+ Qxd7 18. Rad1 Qc8 19. Qe3 Qb7 20. Nd5 Kf8
21. Nb6 Rg8 22. Nd7+ Kg7 23. Qxe7 Kh8 24. Qxf6+ Kh7 25. Qxf7+ Rg7 26. Nf6+ Kh6
27. Qxh5# 1-0

[Event "NAYCC U14"]
[Site "Windsor CAN"]
[Date "2016.08.07"]
[Round "1.62"]
[White "Guan, Zi Yu"]
[Black "Zhang, Henry"]
[Result "0-1"]
[WhiteElo "1513"]
[BlackElo "1957"]
[PlyCount "66"]
[EventDate "2016.08.07"]
[EventType "swiss"]
[EventRounds "9"]
[EventCountry "CAN"]

1. e4 c5 2. Nf3 e6 3. d4 cxd4 4. Nxd4 Nc6 5. Nc3 Qc7 6. Be3 a6 7. Be2 Nf6 8.
Qd2 Bb4 9. f3 O-O 10. O-O d5 11. exd5 Nxd5 12. Nxd5 Bxd2 13. Nxc7 Bxe3+ 14. Kh1
Ra7 15. Ndb5 axb5 16. Nxb5 Ra8 17. Bd3 Bd7 18. Rfe1 Bf4 19. Re4 Ne5 20. Rxf4
Nxd3 21. cxd3 Bxb5 22. Rb4 Bc6 23. a4 Rfd8 24. d4 Rd5 25. Rc4 Rad8 26. Kg1 Rxd4
27. Rxd4 Rxd4 28. a5 Ra4 29. Rxa4 Bxa4 30. Kf2 Kf8 31. Ke3 Ke7 32. Kd4 Kd6 33.
b4 Bc6 0-1

[Event "NAYCC U14"]
[Site "Windsor CAN"]
[Date "2016.08.07"]
[Round "1.63"]
[White "Bu, Kevin"]
[Black "Mathews, Joshua"]
[Result "1-0"]
[WhiteElo "1948"]
[BlackElo "1446"]
[PlyCount "43"]
[EventDate "2016.08.07"]
[EventType "swiss"]
[EventRounds "9"]
[EventCountry "CAN"]

1. e4 e5 2. Nf3 Nc6 3. d4 exd4 4. Bc4 Bc5 5. c3 Nf6 6. cxd4 Bb4+ 7. Bd2 Bxd2+
8. Nbxd2 O-O 9. O-O d5 10. exd5 Nxd5 11. Qc2 Nf4 12. Qe4 Ng6 13. Rfe1 Bd7 14.
h3 Nb4 15. a3 Bc6 16. Qf5 Ne7 17. Rxe7 Qxe7 18. axb4 Qxb4 19. Ng5 g6 20. Bxf7+
Kg7 21. Ne6+ Kh6 22. Qg5# 1-0

[Event "NAYCC U14"]
[Site "Windsor CAN"]
[Date "2016.08.07"]
[Round "1.64"]
[White "Wilson, Kameron"]
[Black "Liu, Aristo"]
[Result "0-1"]
[WhiteElo "1439"]
[BlackElo "1914"]
[PlyCount "148"]
[EventDate "2016.08.07"]
[EventType "swiss"]
[EventRounds "9"]
[EventCountry "CAN"]

1. c4 e5 2. g3 Nc6 3. Bg2 Bc5 4. Nc3 Nf6 5. e3 a6 6. Nge2 O-O 7. O-O d6 8. h3
Ba7 9. d4 exd4 10. exd4 Re8 11. Kh2 h6 12. a3 Bd7 13. b4 Rb8 14. Be3 Ne7 15.
Qd2 Nf5 16. Rfe1 Nxe3 17. fxe3 Bf5 18. Nf4 c6 19. Rad1 Ne4 20. Nxe4 Bxe4 21.
Bxe4 Rxe4 22. Qd3 Qe7 23. Ng2 Re8 24. Qc3 d5 25. cxd5 cxd5 26. Qb3 Rd8 27. Rf1
Bb8 28. Rf3 f6 29. Rdf1 Kh8 30. Nf4 Bxf4 31. gxf4 Qe6 32. Rg1 Re8 33. Rgg3 Qc6
34. Qb2 R8e7 35. Qb3 Qc4 36. Qxc4 dxc4 37. Kg2 b5 38. Kf2 Kg8 39. f5 Kf8 40.
Rg4 Ke8 41. Rxe4 Rxe4 42. Rg3 Re7 43. Ke2 Kd7 44. Kd2 Kd6 45. Ke2 Kd5 46. Kf3
c3 47. Rg1 Kc4 48. Ke2 Kb3 49. Kd3 c2 50. Rc1 Kxa3 51. Rxc2 Kxb4 52. e4 Kb3 53.
Rc3+ Ka4 54. d5 b4 55. Rc4 Kb3 56. Rc6 a5 57. d6 Ra7 58. Rc7 Ra6 59. d7 Rd6+
60. Ke2 a4 61. d8=Q Rxd8 62. Rxg7 a3 63. Rg3+ Kb2 64. Ke3 Rd1 65. Kf4 a2 66.
Rg2+ Kb1 67. Rxa2 Kxa2 68. Kg4 b3 69. Kh5 b2 70. Kxh6 b1=Q 71. Kg6 Qxe4 72.
Kxf6 Rd6+ 73. Kg7 Qe7+ 74. Kh8 Rd8# 0-1

[Event "NAYCC U14"]
[Site "Windsor CAN"]
[Date "2016.08.07"]
[Round "1.65"]
[White "Nakada, Akira"]
[Black "Tamayo, Santiago"]
[Result "1-0"]
[WhiteElo "1904"]
[BlackElo "1386"]
[PlyCount "81"]
[EventDate "2016.08.07"]
[EventType "swiss"]
[EventRounds "9"]
[EventCountry "CAN"]

1. d4 Nf6 2. c4 g6 3. Nc3 Bg7 4. e4 d6 5. Nf3 O-O 6. Be2 e5 7. O-O Nc6 8. d5
Ne7 9. Ne1 a5 10. Be3 Nd7 11. Nd3 f5 12. f3 b6 13. a3 Ba6 14. Nc1 f4 15. Bf2 h6
16. b4 axb4 17. axb4 g5 18. Nb3 Ng6 19. c5 Bxe2 20. Qxe2 bxc5 21. bxc5 Qe7 22.
cxd6 cxd6 23. Rfc1 Rfc8 24. Rxa8 Rxa8 25. Nb5 Bf8 26. Rc6 Qf6 27. h3 Be7 28.
Qc4 Ngf8 29. Qb4 Nb8 30. Rc8 Na6 31. Qc3 Rxc8 32. Qxc8 Nb4 33. Nc1 Qf7 34. Be1
Nxd5 35. exd5 Qxd5 36. Nc3 Qd4+ 37. Bf2 Qd2 38. Nb3 Qd3 39. Na5 Qc2 40. Nc6 Kf7
41. Nxe7 1-0

[Event "NAYCC U14"]
[Site "Windsor CAN"]
[Date "2016.08.07"]
[Round "1.66"]
[White "Hou, Frank"]
[Black "Dill, James"]
[Result "1-0"]
[WhiteElo "1295"]
[BlackElo "1870"]
[PlyCount "66"]
[EventDate "2016.08.07"]
[EventType "swiss"]
[EventRounds "9"]
[EventCountry "CAN"]

1. e4 e5 2. Nf3 Nc6 3. Bb5 a6 4. Ba4 Nf6 5. d3 b5 6. Bb3 Be7 7. h3 d6 8. Be3
O-O 9. O-O Na5 10. Nc3 Nxb3 11. axb3 Bd7 12. Re1 c5 13. Nd5 Nxd5 14. exd5 f5
15. Bd2 f4 16. b4 cxb4 17. Bxb4 Rf6 18. Qe2 Rg6 19. Kh1 a5 20. Bd2 Qc8 21. Kh2
Rh6 22. Bxf4 exf4 23. Qxe7 Bxh3 24. Nh4 Bxg2 25. Kxg2 Qg4+ 26. Kf1 Qxh4 27.
Qxh4 Rxh4 28. Kg2 Rh5 29. c4 bxc4 30. dxc4 Rb8 31. Re4 Rxb2 32. Rxf4 Rc2 33.
Rxa5 Rh6 1-0

[Event "NAYCC U14"]
[Site "Windsor CAN"]
[Date "2016.08.07"]
[Round "1.67"]
[White "Pulfer, Luke"]
[Black "Gaur, Shivan"]
[Result "1-0"]
[WhiteElo "1868"]
[BlackElo "1294"]
[PlyCount "63"]
[EventDate "2016.08.07"]
[EventType "swiss"]
[EventRounds "9"]
[EventCountry "CAN"]

1. d4 Nf6 2. c4 g6 3. f3 Bg7 4. e4 d6 5. Nc3 O-O 6. Be3 e5 7. d5 Nbd7 8. Qd2
Ne8 9. g4 a6 10. O-O-O Rb8 11. h4 Nc5 12. h5 Bd7 13. hxg6 fxg6 14. Qh2 Nf6 15.
Nge2 Kf7 16. Bxc5 dxc5 17. Qxe5 Nxg4 18. Qg3 Nh6 19. d6 c6 20. f4 Kg8 21. f5
Qe8 22. Kb1 b5 23. cxb5 axb5 24. Bg2 Ra8 25. Nc1 Rb8 26. Nb3 b4 27. Na4 Be5 28.
Qh4 Bg7 29. Naxc5 Qe5 30. Rd2 Rfd8 31. Qe7 Re8 32. Qxe5 1-0

[Event "NAYCC U14"]
[Site "Windsor CAN"]
[Date "2016.08.07"]
[Round "1.68"]
[White "Jeyakumar, Yathushan"]
[Black "Pan, David"]
[Result "0-1"]
[WhiteElo "1216"]
[BlackElo "1854"]
[PlyCount "108"]
[EventDate "2016.08.07"]
[EventType "swiss"]
[EventRounds "9"]
[EventCountry "CAN"]

1. e4 e5 2. Nf3 Nc6 3. Bb5 a6 4. Ba4 Nf6 5. d3 b5 6. Bb3 Be7 7. O-O O-O 8. c3
d6 9. h3 Bb7 10. Re1 Na5 11. Bc2 c5 12. d4 Qc7 13. d5 Bc8 14. Nbd2 Nb7 15. Nf1
Nd8 16. Ng3 Rb8 17. c4 bxc4 18. Qe2 Re8 19. Qxc4 h6 20. b3 Bf8 21. Bb2 Rb7 22.
Rac1 Bd7 23. Qd3 Nh7 24. Nh4 g6 25. Qc3 Bg7 26. f4 Bf6 27. Nf3 exf4 28. e5 Bxe5
29. Nxe5 dxe5 30. Ne4 c4 31. bxc4 Qb6+ 32. c5 Qxb2 33. Qxb2 Rxb2 34. Bb3 Nc6
35. Nd6 Re7 36. dxc6 Bxc6 37. Rc2 Rxc2 38. Bxc2 f5 39. Rb1 e4 40. Rb6 e3 41.
Bd3 Bd5 42. Rb2 Ng5 43. h4 f3 44. gxf3 Nxf3+ 45. Kf1 Ne5 46. Bxa6 f4 47. Bb5 f3
48. Rc2 Nc6 49. a4 Nd4 50. Rb2 e2+ 51. Bxe2 fxe2+ 52. Rxe2 Rxe2 53. a5 Bg2+ 54.
Kg1 Nf3# 0-1

[Event "NAYCC U14"]
[Site "Windsor CAN"]
[Date "2016.08.07"]
[Round "1.69"]
[White "Liu, Lambert"]
[Black "Harichandrabose, Vicknan"]
[Result "1-0"]
[WhiteElo "1827"]
[BlackElo "1210"]
[PlyCount "79"]
[EventDate "2016.08.07"]
[EventType "swiss"]
[EventRounds "9"]
[EventCountry "CAN"]

1. e4 e6 2. d4 d5 3. Nd2 Nf6 4. e5 Nfd7 5. Bd3 c5 6. c3 Nc6 7. Ngf3 Qe7 8. O-O
f6 9. exf6 Qxf6 10. Re1 cxd4 11. cxd4 Bd6 12. Nb3 O-O 13. Bg5 Qf7 14. Bd2 h6
15. Qe2 Re8 16. Nh4 Qf6 17. Nf5 e5 18. Qh5 Rf8 19. Nxd6 Qxd6 20. Qh4 e4 21. Bf1
Qf6 22. Qg3 Nxd4 23. Nxd4 Qxd4 24. Bc3 Qxf2+ 25. Qxf2 Rxf2 26. Kxf2 Nb6 27.
Rad1 Be6 28. Rd2 Rd8 29. b3 Nd7 30. Bd4 Nf6 31. h3 Nh5 32. Be5 Rf8+ 33. Kg1 Rf5
34. Bh2 Rg5 35. Be2 Ng3 36. Bxg3 Rxg3 37. Bg4 e3 38. Rd3 Bxg4 39. hxg4 Rxg4 40.
Rxd5 1-0

[Event "NAYCC U14"]
[Site "Windsor CAN"]
[Date "2016.08.07"]
[Round "1.70"]
[White "Cui, Kevin"]
[Black "Padmanabhan, Karthik"]
[Result "0-1"]
[WhiteElo "1204"]
[BlackElo "1818"]
[PlyCount "62"]
[EventDate "2016.08.07"]
[EventType "swiss"]
[EventRounds "9"]
[EventCountry "CAN"]

1. e4 e5 2. Nf3 Nc6 3. d4 exd4 4. Bc4 Nf6 5. e5 d5 6. Bb5 Ne4 7. Nxd4 Bd7 8.
Nxc6 bxc6 9. Bd3 Nc5 10. Be2 g6 11. Be3 Ne6 12. O-O f6 13. f4 fxe5 14. fxe5 Bg7
15. Bg4 Bxe5 16. Bxe6 Bxe6 17. Bd4 Qd6 18. Bxe5 Qxe5 19. Nc3 Rf8 20. Rxf8+ Kxf8
21. Qf3+ Kg7 22. Rf1 Bf5 23. Qf2 d4 24. Ne2 Rd8 25. c3 c5 26. Re1 Re8 27. Kf1
Bd3 28. cxd4 cxd4 29. Kg1 Bxe2 30. Rxe2 Qxe2 31. Qxd4+ Qe5 0-1

[Event "NAYCC U14"]
[Site "Windsor CAN"]
[Date "2016.08.07"]
[Round "1.71"]
[White "Surya, Benito"]
[Black "Butchart, Brian"]
[Result "1-0"]
[WhiteElo "1814"]
[BlackElo "1177"]
[PlyCount "109"]
[EventDate "2016.08.07"]
[EventType "swiss"]
[EventRounds "9"]
[EventCountry "CAN"]

1. e4 c5 2. Nf3 d6 3. d4 cxd4 4. Nxd4 Nf6 5. Nc3 a6 6. Bc4 Qc7 7. Bb3 Nbd7 8.
O-O Nc5 9. Re1 e6 10. f3 Be7 11. Be3 O-O 12. Qd2 Rd8 13. Qf2 Qd7 14. Rad1 Qe8
15. Nde2 Nfd7 16. Nf4 Nxb3 17. axb3 b5 18. h4 Qf8 19. h5 Ne5 20. Rf1 f5 21.
exf5 Qxf5 22. g4 Qf7 23. Nce2 Bb7 24. Nd4 Bc8 25. Kh2 Bg5 26. Nh3 Bf6 27. Rg1
Qe8 28. g5 Be7 29. f4 Nc6 30. Nxc6 Qxc6 31. Bd4 Rf8 32. Qe3 Qxc2+ 33. Rd2 Qf5
34. Bc3 Rb8 35. Qd4 e5 36. Qe3 exf4 37. Qd3 Qxd3 38. Rxd3 Bb7 39. h6 g6 40. Nf2
Rf5 41. Re1 Bxg5 42. Rxd6 Bxh6 43. Ng4 Bg5 44. Bf6 Bxf6 45. Nxf6+ Kf8 46. Nd7+
Kf7 47. Nxb8 Rh5+ 48. Kg1 Rh1+ 49. Kf2 Rh2+ 50. Kf1 Rh1+ 51. Ke2 f3+ 52. Kd2
Rh2+ 53. Ke3 Ba8 54. Rd2 Rxd2 55. Nxa6 1-0

[Event "NAYCC U14"]
[Site "Windsor CAN"]
[Date "2016.08.07"]
[Round "1.73"]
[White "Liu, Kevin"]
[Black "Li, Yang"]
[Result "1-0"]
[WhiteElo "1802"]
[BlackElo "1119"]
[PlyCount "69"]
[EventDate "2016.08.07"]
[EventType "swiss"]
[EventRounds "9"]
[EventCountry "CAN"]

1. d4 d5 2. c4 dxc4 3. Nc3 Nf6 4. e3 e6 5. Bxc4 Bb4 6. Bd2 O-O 7. Nf3 Nc6 8.
O-O Re8 9. a3 Bd6 10. b4 a6 11. e4 e5 12. Ng5 Re7 13. d5 Nd4 14. h3 h6 15. Nf3
Nxf3+ 16. Qxf3 Kh7 17. Qd3 Bd7 18. f4 b5 19. Bb3 Kg8 20. Rae1 exf4 21. Bxf4
Bxf4 22. Rxf4 Bc6 23. Rxf6 gxf6 24. Qg3+ Kh7 25. dxc6 Qd4+ 26. Qe3 Qxe3+ 27.
Rxe3 Rc8 28. Kh2 f5 29. Nd5 Re6 30. exf5 Rxe3 31. Nxe3 Kg7 32. Nd5 Kf8 33. Kg3
Kg7 34. Kg4 f6 35. Kh5 1-0

[Event "NAYCC U14"]
[Site "Windsor CAN"]
[Date "2016.08.07"]
[Round "1.74"]
[White "Liu, Benjamin"]
[Black "Ling, Evan"]
[Result "0-1"]
[WhiteElo "982"]
[BlackElo "1776"]
[PlyCount "74"]
[EventDate "2016.08.07"]
[EventType "swiss"]
[EventRounds "9"]
[EventCountry "CAN"]

1. d4 f5 2. Nf3 d6 3. c4 Nf6 4. g3 g6 5. Bg2 Bg7 6. O-O O-O 7. Nc3 c6 8. b3 Qa5
9. Qc2 e5 10. e3 e4 11. Nd2 Be6 12. Bb2 Nbd7 13. a3 d5 14. b4 Qc7 15. c5 g5 16.
Rad1 f4 17. exf4 gxf4 18. f3 e3 19. Rde1 fxg3 20. h3 Nh5 21. Rxe3 Bxd4 22. Rfe1
Bf5 23. Qd1 Qf4 24. Nf1 Bxe3+ 25. Rxe3 Ndf6 26. Ne2 Qg5 27. f4 Qh4 28. Nexg3
Nxg3 29. Rxg3+ Kf7 30. Rf3 Be4 31. Rf2 Rg8 32. Ne3 Bxg2 33. Nxg2 Ne4 34. Rf3
Qh5 35. Qd3 Rg6 36. Kh2 Rag8 37. Ne3 Qxf3 0-1

[Event "NAYCC U14"]
[Site "Windsor CAN"]
[Date "2016.08.07"]
[Round "1.75"]
[White "Yie, Kevin"]
[Black "Periappuram, Jacob"]
[Result "1-0"]
[WhiteElo "1760"]
[BlackElo "873"]
[PlyCount "79"]
[EventDate "2016.08.07"]
[EventType "swiss"]
[EventRounds "9"]
[EventCountry "CAN"]

1. d4 d5 2. Nf3 Nc6 3. Bf4 Nf6 4. e3 Bf5 5. Be2 h6 6. h3 e6 7. c3 Bd6 8. Ne5 a6
9. Qb3 b5 10. Nxc6 Qd7 11. Ne5 Bxe5 12. Bxe5 O-O 13. Nd2 c6 14. g4 Bh7 15. h4
Ne4 16. Nxe4 Bxe4 17. f3 f6 18. fxe4 fxe5 19. exd5 exd5 20. O-O-O Qe6 21. Rhf1
exd4 22. cxd4 a5 23. a3 a4 24. Qd3 Rac8 25. Kb1 Qe7 26. Qg6 Rf6 27. Rxf6 Qxf6
28. Qxf6 gxf6 29. Rc1 Re8 30. Rxc6 Rxe3 31. Bxb5 Re1+ 32. Ka2 Rg1 33. Rxf6 Rxg4
34. Rxh6 Rxd4 35. Rd6 Kg7 36. Bc6 Rxh4 37. Rxd5 Kf6 38. Ra5 Rc4 39. Bxa4 Ke6
40. Bb3 1-0

[Event "NAYCC U14"]
[Site "Windsor CAN"]
[Date "2016.08.07"]
[Round "1.77"]
[White "Gaisinsky, Adam"]
[Black "Eirew, Milo"]
[Result "1-0"]
[WhiteElo "1721"]
[BlackElo "819"]
[PlyCount "27"]
[EventDate "2016.08.07"]
[EventType "swiss"]
[EventRounds "9"]
[EventCountry "CAN"]

1. e4 e5 2. Nf3 Nc6 3. Bb5 d6 4. c3 Nf6 5. O-O Nxe4 6. d4 exd4 7. Re1 d5 8.
Nxd4 Kd7 9. Nxc6 bxc6 10. Qxd5+ Ke7 11. Rxe4+ Be6 12. Bg5+ Ke8 13. Bxc6+ Qd7
14. Qxd7# 1-0

[Event "NAYCC U14"]
[Site "Windsor CAN"]
[Date "2016.08.08"]
[Round "2.51"]
[White "Titus, Andrew"]
[Black "Liu, Lambert"]
[Result "1-0"]
[WhiteElo "2143"]
[BlackElo "1827"]
[PlyCount "59"]
[EventDate "2016.08.07"]
[EventType "swiss"]
[EventRounds "9"]
[EventCountry "CAN"]

1. e4 c5 2. Nf3 g6 3. d4 cxd4 4. Nxd4 Nc6 5. c4 Nf6 6. Nc3 d6 7. Be2 Nxd4 8.
Qxd4 Bg7 9. Be3 O-O 10. Qd2 Be6 11. Rc1 Qa5 12. O-O Rfc8 13. b3 a6 14. a4 Nd7
15. f3 Nc5 16. Qc2 Qb4 17. Bd1 Bxc3 18. Qxc3 Qxc3 19. Rxc3 a5 20. Bc2 Bd7 21.
Bd2 Bc6 22. Re1 Rd8 23. f4 b6 24. Rce3 Rac8 25. Bc3 Ra8 26. Rh3 Rac8 27. Ree3
Rd7 28. Rxh7 e5 29. Reh3 Rcd8 30. fxe5 1-0

[Event "NAYCC U14"]
[Site "Windsor CAN"]
[Date "2016.08.08"]
[Round "2.52"]
[White "Pan, David"]
[Black "Hua, Eugene"]
[Result "0-1"]
[WhiteElo "1854"]
[BlackElo "2140"]
[PlyCount "152"]
[EventDate "2016.08.07"]
[EventType "swiss"]
[EventRounds "9"]
[EventCountry "CAN"]

1. e4 c5 2. Nf3 e6 3. d4 cxd4 4. Nxd4 Nc6 5. Nc3 Qc7 6. g3 a6 7. Bg2 d6 8. O-O
Bd7 9. Re1 Be7 10. Nxc6 Bxc6 11. Bf4 Rd8 12. Qe2 e5 13. Be3 Nf6 14. Nd5 Nxd5
15. exd5 Bb5 16. Qd2 O-O 17. Rec1 f5 18. c4 Bd7 19. b4 b6 20. f4 e4 21. Bf1 a5
22. Rab1 Rb8 23. Rb3 Rfc8 24. bxa5 bxa5 25. Rcb1 a4 26. Rb6 Rxb6 27. Rxb6 Rb8
28. Qb4 Rxb6 29. Bxb6 Qb7 30. Qa5 Bf6 31. Be3 Kf7 32. Qd2 Qb1 33. Kg2 a3 34. c5
dxc5 35. Bxc5 Qb2 36. Qf2 Bc3 37. Kh3 g5 38. fxg5 f4+ 39. Kh4 Qxf2 40. Bxf2 e3
41. Bg1 Bd4 42. gxf4 e2 43. Bxe2 Bxg1 44. Kg3 Bf5 45. Bc4 Ke7 46. Kg2 Bd4 47.
Kf3 Kd6 48. h4 Bb6 49. h5 Bd4 50. Bb3 Ba7 51. Bc4 Kc5 52. Bb3 Bb8 53. Ke3 Bd6
54. Kf3 Kd4 55. g6 hxg6 56. h6 Bf8 57. h7 Bg7 58. d6 Kc5 59. d7 Bxd7 60. Bf7
Bf5 61. Ke3 Kd6 62. Bb3 Ke7 63. Bg8 Bh8 64. Kf3 Kd6 65. Ke3 Kc5 66. Bf7 Kb4 67.
Kd2 Bg7 68. Bd5 Kc5 69. Bf7 Kd4 70. Bg8 Bd3 71. Bf7 Bc4 72. Bg8 Bd3 73. Bf7 Bf6
74. Be6 Bf5 75. Bf7 Ke4 76. Kc2 Kxf4+ 0-1

[Event "NAYCC U14"]
[Site "Windsor CAN"]
[Date "2016.08.08"]
[Round "2.53"]
[White "Doknjas, Joshua"]
[Black "Surya, Benito"]
[Result "1-0"]
[WhiteElo "2137"]
[BlackElo "1814"]
[PlyCount "59"]
[EventDate "2016.08.07"]
[EventType "swiss"]
[EventRounds "9"]
[EventCountry "CAN"]

1. e4 d5 2. exd5 Qxd5 3. Nc3 Qa5 4. d4 Nf6 5. Bd2 Bg4 6. f3 Bf5 7. Bc4 Qb6 8.
Nge2 e6 9. Bb3 c6 10. Be3 Bd6 11. Qd2 Qc7 12. g4 Bg6 13. Nf4 Bxf4 14. Bxf4 Qe7
15. O-O-O O-O 16. h4 h5 17. Bg5 Nbd7 18. Ne2 hxg4 19. fxg4 e5 20. dxe5 Qxe5 21.
Bf4 Qb5 22. Nc3 Qb6 23. h5 Be4 24. Nxe4 Nxe4 25. Qxd7 Nf2 26. h6 Nxh1 27. hxg7
Kxg7 28. Rxh1 Qc5 29. Bh6+ Kg8 30. Bxf8 1-0

[Event "NAYCC U14"]
[Site "Windsor CAN"]
[Date "2016.08.08"]
[Round "2.55"]
[White "Yaskolko, Maxim"]
[Black "Liu, Kevin"]
[Result "0-1"]
[WhiteElo "2014"]
[BlackElo "1802"]
[PlyCount "86"]
[EventDate "2016.08.07"]
[EventType "swiss"]
[EventRounds "9"]
[EventCountry "CAN"]

1. e4 c5 2. Nf3 e6 3. d4 cxd4 4. Nxd4 a6 5. Nc3 Nc6 6. Be3 Bb4 7. Bd3 Nf6 8.
O-O O-O 9. Nxc6 bxc6 10. Bg5 Be7 11. e5 Ne8 12. Be3 f5 13. exf6 Nxf6 14. f4 d5
15. Na4 Rb8 16. c3 Qc7 17. b4 Bd6 18. Bc5 e5 19. fxe5 Bxc5+ 20. Nxc5 Qxe5 21.
Qc2 a5 22. bxa5 Qd6 23. Nb3 c5 24. Rad1 Qc7 25. c4 d4 26. Be2 Bb7 27. h3 Rbe8
28. Bf3 Ba6 29. Rfe1 Bc8 30. Qd3 Kh8 31. Re2 Nd7 32. Rxe8 Rxe8 33. Bd5 Nf6 34.
Bf3 Re3 35. Qf1 Qe5 36. Kf2 h5 37. Rd3 h4 38. Qd1 Ba6 39. Rxe3 Qxe3+ 40. Kf1
Bxc4+ 41. Be2 Ne4 42. Qe1 Bxe2+ 43. Qxe2 Ng3+ 0-1